LIBRARY & INFORMATION CENTRE, KCAET, TAVANUR

ONLINE PUBLIC ACCESS CATALOGUE (OPAC)

Soil science an introduction / (Record no. 13306)

MARC details
000 -LEADER
fixed length control field 00467cam a2200193ua 4500
041 ## - LANGUAGE CODE
Language code of text/sound track or separate title eng
082 ## - DEWEY DECIMAL CLASSIFICATION NUMBER
Classification number 631.4
Item number LEE/SO
100 ## - MAIN ENTRY--AUTHOR NAME
Personal name Leeper, G W .
245 ## - TITLE STATEMENT
Title Soil science an introduction /
250 ## - EDITION STATEMENT
Edition statement 5 /
260 ## - PUBLICATION, DISTRIBUTION, ETC. (IMPRINT)
Place of publication New Delhi :
Name of publisher Overseas Press ,
Year of publication 2006.
300 ## - PHYSICAL DESCRIPTION
Number of Pages 299 ; .
700 1# - ADDED ENTRY--PERSONAL NAME
Personal name Uren, N C .
942 ## - ADDED ENTRY ELEMENTS (KOHA)
Koha item type Books
Holdings
Withdrawn status Lost status Damaged status Home library Current library Date acquired Full call number Accession Number Koha item type
      KAUAET KAUAET 07/04/2012 631.4 21344 Books
free website counter